000 01838nam a22003017a 4500
001 1547
003 FISKH
005 20230907154611.0
008 230906b cb ||||| |||| 00| 0 khrd
020 _a9789924341680
040 _aFISKH
_beng
_cFISKH
_dFISKH
082 _a363.72
100 _aOmissi, Antiochus
245 _aយក្សក្នុងព្រៃ​ /
_cនិពន្ធ និងគូររូបដោយ អានថៃខឹស អូមីស៊ី
246 _aGiant in the Jungle
_iWritten and illustrated by Antiochus Omissi
260 _aPhnom Penh :
_bSipar,
_c2022.
300 _a41 pages :
_bcolor illustrations ;
_c25 cm
490 _aរឿងដំបូងៗ
505 _aG
520 _aស្រមោលយក្សមួយផុសឡើងផុតព្រៃ។ សត្វទាំងឡាយភ័យខ្លាច រត់បែកខ្ញែកគ្នា ហើយបាននាំគ្នាទៅប្រាប់ព្រឹទ្ធាចារ្យ។ ក្រោយមកពួកគេបានរកឃើញថា​នោះគឺជាគំនរផ្លាសស្ទិចដែលកកើតឡើងដោយសារមនុស្សជាអ្នកចោលសំរាមពាសវាលពាសកាល។
520 _aA giant shadow appeared out of the forest. The animals were frightened, ran away, and went to tell the elders. They later discovered that it was a pile of plastic formed by people dumping rubbish improperly.
521 8 _a380
_bLexile estimate
521 8 _aG
_bRaz-Plus
650 _aយក្ស
_vផ្លាស្ទិច
_xមនុស្ស
_yព្រៃ
650 _aGiant
_vPlastic
_xHuman
_yJungle
700 _aOmissi, Antiocus
_eillustrator
942 _2ddc
_cBK
_n0
999 _c1547
_d1547